Caracterización del uso del suelo y el tráfico de transporte en los principales accesos de la ciudad de Grecia : balance y perspectivas
Shranjeno v:
| Glavni avtor: | |
|---|---|
| Drugi avtorji: | |
| Format: | Knjiga |
| Izdano: |
[San José], Costa Rica
1999
|
| Teme: | |
| Oznake: |
Označite
Brez oznak, prvi označite!
|
MARC
| LEADER | 00000nam a2200000Ia 4500 | ||
|---|---|---|---|
| 003 | 010148 | ||
| 005 | 20240808114621.0 | ||
| 008 | 140114s1999 cr a m 000 ||s d | ||
| 040 | |c cru CEDI | ||
| 090 | |a TFG 4032 | ||
| 100 | |a Morera Quesada, José Mauricio, 1973- |9 3491 | ||
| 245 | |a Caracterización del uso del suelo y el tráfico de transporte en los principales accesos de la ciudad de Grecia : balance y perspectivas | ||
| 260 | |a [San José], Costa Rica |c 1999 | ||
| 300 | |a 202, [40] hojas : ilustraciones (algunas a color). | ||
| 500 | |a Proyecto de graduación (licenciatura en ingeniería civil)--Universidad de Costa Rica. Facultad de Ingeniería. Escuela de Ingeniería Civil | ||
| 501 | |a Director de Proyecto de Graduación: Ing. Rosendo Pujol Mesalles, Ph.D | ||
| 650 | |x PLANIFICACION DE CARRETERAS |x TRANSPORTE - PLANIFICACION |x TRAFICO DE CARRETERAS |x TRANSPORTE URBANO - GRECIA (ALAJUELA, COSTA RICA) |9 8530 | ||
| 700 | |a Pujol Mesalles, Rosendo, 1951- |d Director del TFG |9 2332 | ||
| 942 | |c TFG |h TFG 4032 |i 010148 |6 TFG_4032_010148000000000 | ||
| 999 | |c 18430 |d 18430 | ||
